000 00463nam a22001697a 4500
003 NUST - PNEC
005 20170116180952.0
008 150908b xxu||||| |||| 00| 0 eng d
020 _a0132008092
040 _cLIBRARY
082 _a621.38224 WIC
100 _99199
_aWicker, S.B.
245 _aError control systems for digital communication and storage
_cStephen B. W
260 _cc.1995
650 _99204
_aDigital communication
_xMScom
942 _2ddc
_cBK
999 _c66459
_d66459